<?xml version="1.0" encoding="UTF-8"?><?xml-stylesheet type="text/xsl" href="static/style.xsl"?><OAI-PMH xmlns="http://www.openarchives.org/OAI/2.0/" xmlns:xsi="http://www.w3.org/2001/XMLSchema-instance" xsi:schemaLocation="http://www.openarchives.org/OAI/2.0/ http://www.openarchives.org/OAI/2.0/OAI-PMH.xsd"><responseDate>2026-06-02T08:31:58Z</responseDate><request verb="GetRecord" identifier="oai:riuma.uma.es:10630/9613" metadataPrefix="marc">https://riuma.uma.es/rest/oai/request</request><GetRecord><record><header><identifier>oai:riuma.uma.es:10630/9613</identifier><datestamp>2026-02-03T12:52:23Z</datestamp><setSpec>com_10630_5701</setSpec><setSpec>com_10630_3139</setSpec><setSpec>com_10630_10</setSpec><setSpec>col_10630_6950</setSpec></header><metadata><record xmlns="http://www.loc.gov/MARC21/slim" xmlns:dcterms="http://purl.org/dc/terms/" xmlns:doc="http://www.lyncode.com/xoai" xmlns:xsi="http://www.w3.org/2001/XMLSchema-instance" xsi:schemaLocation="http://www.loc.gov/MARC21/slim http://www.loc.gov/standards/marcxml/schema/MARC21slim.xsd">
   <leader>00925njm 22002777a 4500</leader>
   <datafield ind2=" " ind1=" " tag="042">
      <subfield code="a">dc</subfield>
   </datafield>
   <datafield ind2=" " ind1=" " tag="720">
      <subfield code="a">Prieto-Borrego, Lucía</subfield>
      <subfield code="e">author</subfield>
   </datafield>
   <datafield ind2=" " ind1=" " tag="260">
      <subfield code="c">2003</subfield>
   </datafield>
   <datafield ind2=" " ind1=" " tag="520">
      <subfield code="a">En el presente artículo abordamos el fenómeno de la violencia anticlerical como uno de los componentes de la guerra civil española. Situamos este fenómeno en el ámbito de la historia local, en el marco espacial de las comarcas occidentales de la provincia de Málaga, describiendo la naturaleza de la violencia que se materializó en el asesinato de decenas de sacerdotes y en la destrucción de la casi totalidad de los edificios religiosos de las comarcas de Marbella y Ronda.</subfield>
   </datafield>
   <datafield ind1="8" ind2=" " tag="024">
      <subfield code="a">Baetica 25, 2003, p. 751-772.</subfield>
   </datafield>
   <datafield ind1="8" ind2=" " tag="024">
      <subfield code="a">0212-5099</subfield>
   </datafield>
   <datafield ind1="8" ind2=" " tag="024">
      <subfield code="a">http://hdl.handle.net/10630/9613</subfield>
   </datafield>
   <datafield tag="653" ind2=" " ind1=" ">
      <subfield code="a">Málaga - Historia -  1936-1939, Guerra civil</subfield>
   </datafield>
   <datafield tag="653" ind2=" " ind1=" ">
      <subfield code="a">Anticlericalismo</subfield>
   </datafield>
   <datafield ind2="0" ind1="0" tag="245">
      <subfield code="a">La violencia anticlerical en las comarcas de Marbella y Ronda durante la Guerra Civil</subfield>
   </datafield>
</record>
</metadata></record></GetRecord></OAI-PMH>